000 00972nam a2200253Ia 4500
003 OSt
005 20220923212621.0
006 a|||||r|||| 00| 0
007 ta
008 220922b |||||||| |||| 00| 0 hin d
024 _a154,582
037 _cTextual
040 _aARTS
_cARTS
_bhin
041 _2hin
_ahin
082 _aO152,1M5:g, L6
100 _aमदुर
245 0 _aरीति का लोक काव्य पर संस्कृत काव्य का प्रभाव
_b केवल श्रृंगारिक सन्दर्भ मे
246 _aRīti kā lok kāvya par sanskṛut kāvya kā prabhāva: keval shrṛuangārik sandarbha me
260 _aकानपुर
_b साहित्य संस्थान
_c1976
300 _a327 पृ.
_ccm.
650 _aहिन्दी साहित्य
_9156264
942 _hO152,1M5:g, L6
_cTEXL
_2CC
999 _c310204
_d310204